000 00601nam a22002177a 4500
003 OSt
005 20140310183050.0
008 130227t xxu||||| |||| 00| 0 eng d
020 _a9789712709852
050 _aHE6185
_b.Al366 2005
082 _aF769.56
_b .A366 2005
245 _aSelyo
_bPhilippine history in postage stamps
_cAlejandro, Reynaldo Gamboa.
260 _aPasig City
_bAnvil Pub.
_cc2005
300 _a156 p.
_bcol. ill.
_c22 x 28 cm.
521 _aCollege students
526 _c1210L-1700L
541 _j1
541 _j2
562 _e2
942 _2lcc
_cBK
_kFIL
999 _c18637
_d18637